Aktualizácia k zákonom III/2001 Nariadenie vlády o platových pomeroch zamestnancov ...

Salvato in:
Dettagli Bibliografici
Natura: Libro
Lingua:slovacco
Pubblicazione: Žilina PORADCA 2001
Serie:Aktualizácia III/3
Tags: Aggiungi Tag
Nessun Tag, puoi essere il primo ad aggiungerne!!

MARC

LEADER 00000nam a2200000 4500
001 c127517
005 20250617074406.4
022 |a 1335-6127 
041 0 |a slo 
044 |a SK 
245 1 0 |a Aktualizácia k zákonom III/2001  |b Nariadenie vlády o platových pomeroch zamestnancov ... 
264 1 |a Žilina  |b PORADCA  |c 2001 
300 |a 175 s. 
490 1 |a Aktualizácia  |v III/3 
830 0 |a Aktualizácia  |v III/3